La prensa deportiva dominicana : (Registro nro. 12636)

Detalles MARC
000 -LIDER
fixed length control field 01106nam a2200301 u 4500
001 - NÚMERO DE CONTROL
Identificador de número de control 000020482
003 - IDENTIFICACDOR DE NÚMERO DE CONTROL
control field DO-SdBPM
005 - DATE AND TIME OF LATEST TRANSACTION
control field 20241025105958.0
008 - ELEMENTOS DE LONGITUD FIJA
fixed length control field 100813s2016 dr a 000 0 spa d
020 ## - ISBN
International Standard Book Number 9789945167634
040 ## - FUENTE DE CATALOGACIÓN
Agencia que crea de manera original el registro DO-SdBPM
Idioma de catalogación spa
Agencia que realiza la transcripción BPMSU
082 #4 - NÚMERO DE CLASIFICACIÓN DECIMAL DE DEWEY
Classification number 070.449796
Item number N714p 2016
Edition number 22
100 1# - ASIENTO PRINCIPAL -- NOMBRE PERSONAL
Nombre personal Nina Gómez, Carlos
100 z# - ASIENTO PRINCIPAL -- NOMBRE PERSONAL
Nombre personal Gómez, Carlos Nina
245 13 - MENCIÓN DE TITULO
Título La prensa deportiva dominicana :
Subtítulo academia, perspectiva, principios y ética /
Mención de responsabilidad Carlos Nina Gómez ; prólogo Luis Fernández; ilustraciones Osiris Gómez.
260 ## - PUBLICACIÓN, DISTRIBUCIÓN, ETC. (PIE DE IMPRENTA)
Lugar de publicación, distribución, etc Santo Domingo :
Nombre del editor, distribuidor, etc. Editora Búho,
Fecha de publicación, distribución, etc 2016.
300 ## - DESCRIPCIÓN FÍSICA
Extensión 309 p. :
Otros detalles físicos il. ;
Dimensiones 23 cm.
500 ## - NOTA GENERAL
Nota general Incluye datos biográficos del autor en la contracubierta
504 ## - NOTA DE BIBLIOGRAFÍA, ETC.
Bibliography, etc Bibliografías : p. 309
590 ## - NOTA LOCAL
Texto de la nota local Inventariado,2024/VM
650 #4 - ENCABEZAMIENTO DE MATERIA--TEMÁTICO
Término temático o nombre geográfico como elemento de entrada Periodismo deportivo
Subdivisión geográfica República Dominicana
650 #4 - ENCABEZAMIENTO DE MATERIA--TEMÁTICO
Término temático o nombre geográfico como elemento de entrada Crónica deportiva
Subdivisión geográfica República Dominicana
650 #4 - ENCABEZAMIENTO DE MATERIA--TEMÁTICO
Término temático o nombre geográfico como elemento de entrada Deportes
Subdivisión geográfica República Dominicana
Subdivisión temática general Historia
700 1# - ASIENTO SECUNDARIO -- NOMBRE PERSONAL
Nombre personal Fernández, Luis,
Mención de responsabilidad prólogo
700 1# - ASIENTO SECUNDARIO -- NOMBRE PERSONAL
Nombre personal Gómez, Osiris,
Mención de responsabilidad il.
910 ## - VALIDACIÓN
Validación VMateo V. Control de calidad BPMSU
942 ## - ADDED ENTRY ELEMENTS (KOHA)
Source of classification or shelving scheme Dewey Decimal Classification
Koha item type Libros
Existencias
Withdrawn status Lost status Source of classification or shelving scheme Damaged status Not for loan Collection code Home library Current library Date acquired Source of acquisition Total Checkouts Full call number Barcode Date last seen Price effective from Koha item type
    Dewey Decimal Classification     Colección Dominicana Biblioteca Pública Metropolitana Salomé Ureña Biblioteca Pública Metropolitana Salomé Ureña 10/19/2017 Editora Búho   BPMSU CD 070.449796 N714p 2016 BPMSU17100065 10/19/2017 10/19/2017 Libros